Časopis lékařů českých
| Format: | Journal |
|---|---|
| Language: | Czech |
| PhysicalDescription: | zv. fotogr., ilustr. 27-30 cm Online vydanie: Časopis lékařů českých (On-line) ISSN 1805-4420 |
| Published: |
Praha
Spolek lékařů českých
1862-
Praha Státní zdravotnické nakladatelství Praha Avicenum Praha Československá lékařská společnost Jana Evangelisty Purkyně Praha Česká lékařská společnost Jana Evangelisty Purkyně |
| ISSN: | 0008-7335 |
| Subjects: | |
| Online Access: | http://www.clsjep.cz http:///www.prolekare.cz/casopis-lekaru-ceskych-informace |
MARC
| LEADER | 00000cas a2200000 a 4500 | ||
|---|---|---|---|
| 001 | vtls008412303 | ||
| 003 | SK-MaSNL | ||
| 005 | 20260228161017.0 | ||
| 008 | 200401c18629999xr br p 0 b0cze c | ||
| 022 | |a 0008-7335 | ||
| 035 | |a (SVKBB03)vtls000030294 | ||
| 040 | |a SVKPO |b slo |c SVKPO |d SNK |d SAVUK |e AACR2 | ||
| 041 | 0 | |a cze |b eng | |
| 044 | |a xr |c CZ | ||
| 072 | 7 | |a 61 |x Lekárske vedy. Medicína |2 konspekt | |
| 080 | |a 050 |2 2011 | ||
| 080 | |a 61 |2 2011 | ||
| 080 | |a (051)-027.561 |2 2011 | ||
| 210 | 0 | |a Čas. lék. čes. |b (Print) | |
| 222 | 0 | |a Časopis lékařů českých |b (Print) | |
| 245 | 0 | 0 | |a Časopis lékařů českých |
| 260 | |a Praha |b Spolek lékařů českých |c 1862- | ||
| 260 | 2 | |3 1953-1969 |a Praha |b Státní zdravotnické nakladatelství | |
| 260 | 2 | |3 1970-1990 |a Praha |b Avicenum | |
| 260 | 2 | |3 1991-1992 |a Praha |b Československá lékařská společnost Jana Evangelisty Purkyně | |
| 260 | 3 | |3 1993- |a Praha |b Česká lékařská společnost Jana Evangelisty Purkyně | |
| 300 | |a zv. |b fotogr., ilustr. |c 27-30 cm | ||
| 310 | |a 8x ročne |b 2016- | ||
| 321 | |a 1x mesačne |b 2003-2012 | ||
| 321 | |a 24x ročne |b 1991-2002 | ||
| 321 | |a 1x týždenne |b 1963-1990 | ||
| 321 | |a 6x ročne |b 2013-2015 | ||
| 362 | 0 | |a Roč. 1, č. 1 (1862)- |z NK Praha | |
| 500 | |a Od roku 2013 výška formátu 27 cm | ||
| 504 | |a Bibliogr. odkazy | ||
| 530 | |a Online vydanie: Časopis lékařů českých (On-line) ISSN 1805-4420 | ||
| 546 | |a Abstrakty alebo súhrny v angličtine | ||
| 561 | |a Na titulnom liste rukopisná poznámka: Z knižnice Chalúku. |5 SNK ČB 616/19/1880 | ||
| 650 | 0 | 7 | |a medicína |2 SNKPH |9 899 |
| 650 | 0 | 7 | |a Medicine |2 SNKPHeng |9 266257 |
| 655 | 7 | |a odborné časopisy |2 SNKPH |9 70505 | |
| 655 | 7 | |a Professional journals |2 SNKPHeng |9 265007 | |
| 850 | |a Štátna vedecká knižnica v Prešove | ||
| 852 | |a Štátna vedecká knižnica v Banskej Bystrici | ||
| 856 | 4 | 1 | |u http://www.clsjep.cz |
| 856 | 4 | 1 | |u http:///www.prolekare.cz/casopis-lekaru-ceskych-informace |
| 910 | |a snk | ||
| 910 | |a savuk | ||
| 999 | |c 4089 |d 6019 | ||
| 952 | |0 0 |1 1 |4 0 |7 0 |a SNK |b SNK |d 1997-03-06 |l 0 |o snkČB 616/127/1988/2 |p 17A0053935 |r 2005-01-02 00:00:00 |t č. 18-34 |w 2026-02-21 |y PREZ | ||
| 952 | |0 0 |1 1 |4 0 |7 0 |a SNK |b SNK |d 1997-03-06 |l 0 |o snkČB 616/127/1988/1 |p 17A0053934 |r 2005-01-02 00:00:00 |t č. 1-17 |w 2026-02-21 |y PREZ | ||
| 952 | |0 0 |1 1 |4 0 |7 0 |a SNK |b SNK |d 1997-03-25 |l 0 |o snkČB 616/126/1987/2 |p 17A0057141 |r 2005-01-02 00:00:00 |t č. 27-52 |w 2026-02-21 |y PREZ | ||
| 952 | |0 0 |1 1 |4 0 |7 0 |a SNK |b SNK |d 1997-03-25 |l 0 |o snkČB 616/126/1987/1 |p 17A0057140 |r 2005-01-02 00:00:00 |t č. 1-26 |w 2026-02-21 |y PREZ | ||
| 952 | |0 0 |1 0 |4 0 |7 0 |8 0 |a SNK |b SNK |d 1999-10-13 |i snkČIP 554/81 |l 0 |o snkČB 616/119/1980/1 |p 17A0213793 |r 2005-01-02 00:00:00 |t č. 1-26 |w 2026-02-21 |y PREZ | ||
| 952 | |0 0 |1 0 |4 0 |7 0 |8 0 |a SNK |b SNK |d 1999-10-13 |i snkČIP 1254/80 |l 0 |o snkČB 616/118/1979/1 |p 17A0213751 |r 2005-01-02 00:00:00 |t č. 1-26 |w 2026-02-21 |y PREZ | ||
| 952 | |0 0 |1 0 |4 0 |7 0 |a SNK |b SNK |d 1999-10-13 |l 0 |o snkČB 616/118/1979/2 |p 17A0213754 |r 2005-01-02 00:00:00 |t č. 27-52 |w 2026-02-21 |y PREZ | ||
| 952 | |0 0 |1 0 |4 0 |7 0 |8 0 |a SNK |b SNK |d 1999-10-13 |i snkČIP 555/81 |l 0 |o snkČB 616/119/1980/2 |p 17A0213795 |r 2005-01-02 00:00:00 |t č. 27-52 |w 2026-02-21 |y PREZ | ||
| 952 | |0 0 |1 0 |4 0 |7 0 |8 0 |a SNK |b SNK |d 2000-01-05 |i snkČIP 1275/90 |l 0 |o snkČB 616/128/1989/1 |p 17A0027259 |r 2005-01-02 00:00:00 |t č. 1-18 |w 2026-02-21 |y PREZ | ||
| 952 | |0 0 |1 0 |4 0 |7 0 |8 0 |a SNK |b SNK |d 2000-01-05 |i snkČIP 1277/90 |l 0 |o snkČB 616/128/1989/2 |p 17A0027002 |r 2005-01-02 00:00:00 |t č. 19-35 |w 2026-02-21 |y PREZ | ||
| 952 | |0 0 |1 0 |4 0 |7 0 |8 0 |a SNK |b SNK |d 2000-01-05 |i snkČIP 1279/90 |l 0 |o snkČB 616/128/1989/3 |p 17A0027003 |r 2005-01-02 00:00:00 |t č. 36-52 |w 2026-02-21 |y PREZ | ||
| 952 | |0 0 |1 0 |4 0 |7 0 |a SNK |b SNK |d 2000-01-28 |l 0 |o snkČSB 4791/134/1995 |p 17A0225498 |r 2005-01-02 00:00:00 |w 2026-02-21 |y PREZ | ||
| 952 | |0 0 |1 0 |4 0 |7 0 |a SNK |b SNK |d 1999-11-30 |l 0 |o snkČSB 4791/135/1996 D1 |p 17A0220258 |r 2005-01-02 00:00:00 |w 2026-02-21 |y PREZ | ||
| 952 | |0 0 |1 0 |4 0 |7 0 |a SNK |b SNK |d 2003-01-27 |l 0 |o snkČSB 4791/136/1997 |p 17A0370495 |r 2005-01-02 00:00:00 |t č. 1-24 |w 2026-02-21 |y PREZ | ||
| 952 | |0 0 |1 0 |4 0 |7 0 |8 0 |a SNK |b SNK |d 2003-01-27 |i snkČIP 265/2002 |l 0 |o snkČSB 4791/137/1998 |p 17A0370404 |r 2005-01-02 00:00:00 |t č. 1-24 |w 2026-02-21 |y PREZ |z Obsah v č. 1 | ||
| 952 | |0 0 |1 0 |4 0 |7 0 |a SNK |b SNK |d 2003-01-27 |l 0 |o snkČSB 4791/138/1999 |p 17A0370403 |r 2005-01-02 00:00:00 |t č. 1-24 |w 2026-02-21 |y PREZ | ||
| 952 | |0 0 |1 0 |4 0 |7 0 |8 4 |a SNK |b SNK |d 2021-08-16 |i snk2021/10278 |l 0 |o snkČSB 4791/158/2019 |p 17A1435334 |r 2026-02-21 19:29:39 |t č. 1-8 |w 2026-02-21 |y PREZ | ||
| 952 | |0 0 |1 0 |4 0 |7 0 |8 4 |a SNK |b SNK |d 2005-11-16 |i snkČZK 1423/2004 |l 0 |o snkČSB 4791/141/2002 |p 17A0490473 |r 2026-02-21 19:30:06 |t č. 1-24 |w 2026-02-21 |y PREZ | ||
| 952 | |0 0 |1 0 |4 0 |7 0 |a SNK |b SNK |d 2005-10-26 |i snkČIP 1635/98 |l 0 |o snkČSB 4791/133/1994 |p 17A0486671 |r 2026-02-21 19:30:18 |t č. 1-24 |w 2026-02-21 |y PREZ | ||
| 952 | |0 0 |1 0 |4 0 |7 0 |8 4 |a SNK |b SNK |d 2009-03-03 |i snk2009/4291 |l 0 |o snkČSB 4791/146/2007/1 |p 17A0488104 |r 2026-02-21 19:30:49 |t č. 1-5 |w 2026-02-21 |y PREZ | ||
| 952 | |0 0 |1 0 |4 0 |7 0 |8 4 |a SNK |b SNK |d 2009-03-03 |i snk2009/4292 |l 0 |o snkČSB 4791/146/2007/2 |p 17A0488105 |r 2026-02-21 19:30:49 |t č. 6-12 |w 2026-02-21 |y PREZ | ||
| 952 | |0 0 |1 1 |4 0 |7 0 |a SNK |b SNK |d 2010-02-03 |i snkČIP 3571/61 |l 0 |o snkČB 616/99/1960/1 |p 17A0642812 |r 2026-02-21 19:31:35 |t č. 1-26 |w 2026-02-21 |y PREZ | ||
| 952 | |0 0 |1 1 |4 0 |7 0 |a SNK |b SNK |d 2010-02-03 |i snkČIP 3572/61 |l 0 |o snkČB 616/99/1960/2 |p 17A0642813 |r 2026-02-21 19:31:35 |t č. 27-52 |w 2026-02-21 |y PREZ | ||
| 952 | |0 0 |1 1 |4 0 |7 0 |a SNK |b SNK |d 2010-03-15 |i snkČIP 838/63 |l 0 |o snkČB 616/101/1962 |p 17A0648785 |r 2026-02-21 19:31:55 |t č. 1-52 |w 2026-02-21 |y PREZ | ||
| 952 | |0 0 |1 1 |4 0 |7 0 |a SNK |b SNK |d 2000-02-08 |l 0 |o snkČB 616/106/1967/2 |p 17A0227966 |r 2005-01-02 00:00:00 |t č. 26-52 |w 2026-02-21 |y PREZ | ||
| 952 | |0 0 |1 1 |4 0 |7 0 |a SNK |b SNK |d 2000-02-08 |l 0 |o snkČB 616/106/1967/1 |p 17A0227967 |r 2005-01-02 00:00:00 |t č. 1-25 |w 2026-02-21 |y PREZ | ||
| 952 | |0 0 |1 1 |3 rekatalogizácia |4 0 |7 0 |8 5 |a SNK |b SNK |d 2010-01-19 |i snkF 2080/79 |l 0 |o snkČB 616/24/1885 |p 17A0642115 |r 2026-02-21 19:42:35 |t č. 1-52 + príl. č. 1-6 |w 2026-02-21 |y PREZ | ||
| 952 | |0 0 |1 1 |3 rekatalogizácia |4 0 |7 0 |a SNK |b SNK |d 2006-04-03 |i snkČIP 140/59 |l 0 |o snkČB 616/97/1958/1 |p 17A0504533 |r 2026-02-21 19:47:17 |t č. 1-26 |w 2026-02-21 |y PREZ | ||
| 952 | |0 0 |1 0 |4 0 |7 0 |8 3 |a SNK |b SNK |d 2023-09-26 |i snk2023/13779 |l 0 |o snkČSB 4791/159/2020 |p 17A1521239 |r 2026-02-21 19:49:49 |t č. 1-8 |w 2026-02-21 |y PREZ | ||
| 952 | |0 0 |1 0 |4 0 |7 0 |8 3 |a SNK |b SNK |d 2024-05-20 |i snk2024/7948 |l 0 |o snkČSB 4791/160/2021 |p 17A1523077 |r 2026-02-21 19:51:32 |t č. 1-8 |w 2026-02-21 |y PREZ | ||
| 952 | |0 0 |1 0 |4 0 |7 0 |a SNK |b SNK |d 2011-05-09 |i snkČIP 918/76 |l 0 |o snkČB 616/114/1975/1 |p 17A0699163 |r 2026-02-21 19:57:16 |t č. 1-26 + obs. |w 2026-02-21 |y PREZ | ||
| 952 | |0 0 |1 0 |4 0 |7 0 |a SNK |b SNK |d 2011-05-09 |i snkČIP 919/76 |l 0 |o snkČB 616/114/1975/2 |p 17A0699162 |r 2026-02-21 19:57:16 |t č. 27-52 |w 2026-02-21 |y PREZ |z č. 27-52, 2. polrok | ||
| 952 | |0 0 |1 0 |3 rekatalogizácia |4 0 |7 0 |a SNK |b SNK |d 2006-04-07 |i snkČIP 260/2002 |l 0 |o snkČSB 4791/139/2000 D1 |p 17A0504033 |r 2026-02-21 19:58:26 |t č. 1-24, neúplné |w 2026-02-21 |y PREZ |z Chýba č. 8-24 | ||
| 952 | |0 0 |1 0 |4 0 |7 0 |a SNK |b SNK |d 2021-05-20 |i snkČIP 467/73 |l 0 |o snkČB 616/111/1972/1 |p 17A1347604 |r 2026-02-21 19:58:46 |t č. 1-26 |w 2026-02-21 |y PREZ | ||
| 952 | |0 0 |1 0 |4 0 |7 3 |8 3 |a SNK |b SNK |d 2025-07-09 |i snk2025/10913 |l 0 |o snkČSB 4791/161/2022 |p 17A1557160 |r 2026-02-21 19:59:53 |t č. 1-8 |w 2026-02-21 |y PREZ | ||
| 952 | |0 0 |1 0 |4 0 |7 3 |8 3 |a SNK |b SNK |d 2025-07-09 |i snk2025/10914 |l 0 |o snkČSB 4791/162/2023 |p 17A1557161 |r 2026-02-21 19:59:53 |t č. 1-8 |w 2026-02-21 |y PREZ | ||
| 952 | |0 0 |1 0 |4 0 |7 0 |a SNK |b SNK |d 2022-11-24 |i snkČIP 474/65 |l 0 |o snkČB 616/104/1965/1 |p 17A1316864 |r 2026-02-21 20:03:21 |w 2026-02-21 |y PREZ | ||
| 952 | |0 0 |1 0 |4 0 |7 0 |a SNK |b SNK |d 2006-06-12 |i snk232/54 |l 0 |o snkČB 616/92/1953 |p 17A0512621 |r 2026-02-21 20:03:27 |t č. 1-52 |w 2026-02-21 |y PREZ | ||
| 952 | |0 0 |1 1 |4 0 |7 0 |a SNK |b SNK |d 2006-06-12 |i snkČIP 1209/64 |l 0 |o snkČB 616/102/1963/2 |p 17A0512619 |r 2026-02-21 20:03:27 |t č. 27-52 |w 2026-02-21 |y PREZ | ||
| 952 | |0 0 |1 1 |4 0 |7 0 |a SNK |b SNK |d 2006-06-12 |i snkČIP 1208/64 |l 0 |o snkČB 616/102/1963/1 |p 17A0512618 |r 2026-02-21 20:03:27 |t č. 1-26 |w 2026-02-21 |y PREZ | ||
| 952 | |0 0 |1 0 |4 0 |7 0 |8 4 |a SNK |b SNK |d 2020-02-24 |i snk2020/4472 |l 0 |o snkČSB 4791/156/2017 |p 17A1385608 |r 2026-02-21 20:07:08 |t č. 1-8 |w 2026-02-21 |y PREZ | ||
| 952 | |0 0 |1 0 |4 0 |7 0 |8 4 |a SNK |b SNK |d 2011-03-22 |i snk2011/6535 |l 0 |o snkČSB 4791/148/2009 |p 17A0679274 |r 2026-02-21 20:09:06 |t č. 1-12 |w 2026-02-21 |y PREZ | ||
| 952 | |0 0 |1 0 |4 0 |7 0 |a SNK |b SNK |d 2005-02-16 |i snkČIP 264/2002 |l 0 |o snkČSB 4791/136/1997 D1 |p 17A0351630 |r 2026-02-21 20:15:00 |t č. 1-24, neúplné |w 2026-02-21 |y PREZ |z Chýba č. 5, 6 | ||
| 952 | |0 0 |1 1 |3 rekatalogizácia |4 0 |7 0 |a SNK |b SNK |d 2005-06-29 |i snkČIP 484/57 |l 0 |o snkČB 616/95/1956/2 |p 17A0473575 |r 2026-02-21 20:15:50 |t č. 27-52 |w 2026-02-21 |y PREZ | ||
| 952 | |0 0 |1 1 |3 rekatalogizácia |4 0 |7 0 |a SNK |b SNK |d 2006-04-03 |i snkČIP 140/59 |l 0 |o snkČB 616/97/1958/2 |p 17A0504532 |r 2026-02-21 20:16:44 |t č. 27-52 |w 2026-02-21 |y PREZ | ||
| 952 | |0 0 |1 0 |3 úplný |4 0 |7 0 |8 4 |a SNK |b SNK |d 2012-03-21 |i snk2012/6652 |l 0 |o snkČSB 4791/149/2010 |p 17A0706014 |r 2026-02-21 20:23:05 |t č. 1-12 |w 2026-02-21 |y PREZ |z Reg. v č. 1. | ||
| 952 | |0 0 |1 1 |4 0 |7 0 |a SNK |b SNK |d 1997-07-25 |l 0 |o snkČB 616/109/1970/2 |p 17A0086030 |r 2005-01-02 00:00:00 |t č. 29-52 |w 2026-02-21 |y PREZ | ||
| 952 | |0 0 |1 1 |4 0 |7 0 |a SNK |b SNK |d 1997-07-25 |l 0 |o snkČB 616/108/1970/1 |p 17A0086258 |r 2005-01-02 00:00:00 |t č. 1-28 |w 2026-02-21 |y PREZ | ||
| 952 | |0 0 |1 1 |4 0 |7 0 |a SNK |b SNK |d 1997-09-03 |l 0 |o snkČB 616/122/1983/2 |p 17A0091451 |r 2005-01-02 00:00:00 |t č. 27-52 |w 2026-02-21 |y PREZ | ||
| 952 | |0 0 |1 1 |4 0 |7 0 |a SNK |b SNK |d 2007-07-11 |i snkČIP 561/75 |l 0 |o snkČB 616/113/1974/2 |p 17A0557106 |r 2026-02-21 20:28:08 |t č. 27-52 |w 2026-02-21 |y PREZ | ||
| 952 | |0 0 |1 1 |4 0 |7 0 |a SNK |b SNK |d 2007-07-11 |i snkČIP 560/75 |l 0 |o snkČB 616/113/1974/1 |p 17A0557041 |r 2026-02-21 20:28:08 |t č. 1-26 |w 2026-02-21 |y PREZ | ||
| 952 | |0 0 |1 1 |4 0 |7 0 |a SNK |b SNK |d 2010-04-19 |i snkČIP 468/73 |l 0 |o snkČB 616/111/1972/2 |p 17A0655897 |r 2026-02-21 20:29:14 |t č. 27-52 |w 2026-02-21 |y PREZ | ||
| 952 | |0 0 |1 0 |4 0 |7 0 |8 4 |a SNK |b SNK |d 2013-04-26 |i snk2013/9604 |l 0 |o snkČSB 4791/150/2011 |p 17A0868960 |r 2026-02-21 20:31:14 |t č. 1-12 + obsah v č. 1 |w 2026-02-21 |y PREZ | ||
| 952 | |0 0 |1 1 |3 rekatalogizácia |4 0 |7 0 |a SNK |b SNK |d 2007-08-07 |i snkČIP 151/72 |l 0 |o snkČB 616/110/1971/2 |p 17A0557624 |r 2026-02-21 20:36:42 |t č. 27-52 |w 2026-02-21 |y PREZ | ||
| 952 | |0 0 |1 1 |4 0 |7 0 |a SNK |b SNK |d 2000-11-15 |l 0 |o snkČB 616/122/1983/1 |p 17A0257209 |r 2005-01-02 00:00:00 |t č. 1-26 |w 2026-02-21 |y PREZ | ||
| 952 | |0 0 |1 0 |4 0 |7 0 |a SNK |b SNK |d 2000-10-09 |l 0 |o snkČSB 4791/133/1994 D1 |p 17A0254389 |r 2005-01-02 00:00:00 |w 2026-02-21 |y PREZ | ||
| 952 | |0 0 |1 0 |4 0 |7 0 |a SNK |b SNK |d 2003-04-15 |i snkČIP 1634/98 |l 0 |o snkČSB 4791/134/1995 D1 |p 17A0381094 |r 2005-01-02 00:00:00 |w 2026-02-21 |y PREZ | ||
| 952 | |0 0 |1 0 |4 0 |7 0 |a SNK |b SNK |d 2004-12-17 |i snkČIP 259/2002 |l 0 |o snkČSB 4791/139/2000 |p 17A0454459 |r 2005-01-02 00:00:00 |t č. 1-24 |w 2026-02-21 |y PREZ | ||
| 952 | |0 0 |1 0 |4 0 |7 0 |a SNK |b SNK |d 2004-12-17 |i snkČIP 266/2002 |l 0 |o snkČSB 4791/137/1998 D1 |p 17A0454439 |r 2005-01-02 00:00:00 |t č. 1-24 |w 2026-02-21 |y PREZ |z Obsah v č. 1 | ||
| 952 | |0 0 |1 0 |4 0 |7 0 |a SNK |b SNK |d 2004-12-17 |i snkČIP 262/2002 |l 0 |o snkČSB 4791/138/1999 D1 |p 17A0454485 |r 2005-01-02 00:00:00 |w 2026-02-21 |y PREZ | ||
| 952 | |0 0 |1 1 |4 0 |7 0 |a SNK |b SNK |d 2011-11-10 |i snk 307/52 |l 0 |o snkČB 616/90/1951 |p 17A0747354 |r 2026-02-21 20:39:52 |t č. 1-52 |w 2026-02-21 |y PREZ | ||
| 952 | |0 0 |1 0 |4 0 |7 0 |a SNK |b SNK |d 2011-11-10 |i snk100/51 |l 0 |o snkČB 616/89/1950 |p 17A0747353 |r 2026-02-21 20:39:52 |t č. 1-52 |w 2026-02-21 |y PREZ | ||
| 952 | |0 0 |1 1 |4 0 |7 0 |a SNK |b SNK |d 2013-05-27 |i snkČIP 2847/60 |l 0 |o snkČB 616/98/1959/2 |p 17A1021963 |r 2026-02-21 20:41:18 |t č. 27-52 |w 2026-02-21 |y PREZ | ||
| 952 | |0 0 |1 1 |4 0 |7 0 |a SNK |b SNK |d 1998-01-12 |l 0 |o snkČB 616/124/1985/1 |p 17A0117659 |r 2005-01-02 00:00:00 |t č. 1-26 |w 2026-02-21 |y PREZ | ||
| 952 | |0 0 |1 1 |4 0 |7 0 |a SNK |b SNK |d 1998-01-12 |l 0 |o snkČB 616/127/1988/3 |p 17A0117325 |r 2005-01-02 00:00:00 |t č. 35-52 |w 2026-02-21 |y PREZ | ||
| 952 | |0 0 |1 1 |4 0 |7 0 |a SNK |b SNK |d 1998-01-12 |l 0 |o snkČB 616/124/1985/2 |p 17A0115293 |r 2005-01-02 00:00:00 |t č. 27-52 |w 2026-02-21 |y PREZ | ||
| 952 | |0 0 |1 1 |4 0 |7 0 |a SNK |b SNK |d 2001-01-25 |i snkČIP 645/82 |l 0 |o snkČB 616/120/1981/1 |p 17A0267049 |r 2005-01-02 00:00:00 |t č. 1-26 |w 2026-02-21 |y PREZ | ||
| 952 | |0 0 |1 1 |4 0 |7 0 |a SNK |b SNK |d 2001-01-25 |l 0 |o snkČB 616/120/1981/2 |p 17A0267155 |r 2005-01-02 00:00:00 |t č. 27-52 |w 2026-02-21 |y PREZ | ||
| 952 | |0 0 |1 0 |4 0 |7 0 |8 4 |a SNK |b SNK |d 2008-03-17 |i snk2008/6472 |l 0 |o snkČSB 4791/145/2006/1 |p 17A0574678 |r 2026-02-21 20:49:16 |t č. 1-6 |w 2026-02-21 |y PREZ | ||
| 952 | |0 0 |1 0 |4 0 |7 0 |8 0 |a SNK |b SNK |d 2008-03-17 |i snk2008/6474 |l 0 |o snkČSB 4791/145/2006/2 |p 17A0574679 |r 2026-02-21 20:49:16 |t č. 7-12 |w 2026-02-21 |y PREZ | ||
| 952 | |0 0 |1 0 |4 0 |7 0 |a SNK |b SNK |d 1998-04-15 |i snkČIP 1697/62 |l 0 |o snkČB 616/100/1961/1 |p 17A0135315 |r 2005-01-02 00:00:00 |t č. 1-23 |w 2026-02-21 |y PREZ | ||
| 952 | |0 0 |1 1 |4 0 |7 0 |a SNK |b SNK |d 2003-06-13 |i snkČIP 957/79 |l 0 |o snkČB 616/117/1978/1 |p 17A0383385 |r 2005-01-02 00:00:00 |t č. 1-26 |w 2026-02-21 |y PREZ | ||
| 952 | |0 0 |1 1 |4 0 |7 0 |a SNK |b SNK |d 2004-05-26 |i snkČIP 1378/66 |l 0 |o snkČB 616/104/1965/1 |p 17A0430142 |r 2005-01-02 00:00:00 |t č. 1-26 |w 2026-02-21 |y PREZ | ||
| 952 | |0 0 |1 1 |4 0 |7 0 |a SNK |b SNK |d 1998-04-15 |l 0 |o snkČB 616/96/1957 |p 17A0135250 |r 2005-01-02 00:00:00 |w 2026-02-21 |y PREZ | ||
| 952 | |0 0 |1 1 |4 0 |7 0 |a SNK |b SNK |d 1998-05-15 |l 0 |o snkČB 616/112/1973/2 |p 17A0140253 |r 2005-01-02 00:00:00 |t č. 27-52 |w 2026-02-21 |y PREZ | ||
| 952 | |0 0 |1 0 |4 0 |7 0 |a SNK |b SNK |d 2003-06-16 |i snkČIP 958/79 |l 0 |o snkČB 616/117/1978/2 |p 17A0386742 |r 2005-01-02 00:00:00 |t č. 27-52 |w 2026-02-21 |y PREZ | ||
| 952 | |0 0 |1 1 |4 0 |7 0 |a SNK |b SNK |d 2004-03-04 |i snkČIP 698/77 |l 0 |o snkČB 616/115/1976/1 |p 17A0417063 |r 2005-01-02 00:00:00 |t č. 1-26 |w 2026-02-21 |y PREZ | ||
| 952 | |0 0 |1 1 |4 0 |7 0 |a SNK |b SNK |d 2004-03-04 |i snkČIP 699/77 |l 0 |o snkČB 616/115/1976/2 |p 17A0417038 |r 2005-01-02 00:00:00 |t č. 27-52 |w 2026-02-21 |y PREZ | ||
| 952 | |0 0 |1 1 |4 0 |7 0 |a SNK |b SNK |d 2004-04-02 |i snkČIP 303/74 |l 0 |o snkČB 616/112/1973/1 |p 17A0425370 |r 2005-01-02 00:00:00 |t č. 1-26 |w 2026-02-21 |y PREZ | ||
| 952 | |0 0 |1 1 |4 0 |7 0 |a SNK |b SNK |d 2001-08-01 |l 0 |o snkČB 616/129/1990/2 |p 17A0309186 |r 2005-01-02 00:00:00 |t č. 16-30 |w 2026-02-21 |y PREZ | ||
| 952 | |0 0 |1 1 |3 rekatalogizácia |4 0 |7 0 |a SNK |b SNK |d 2007-08-07 |i snkČIP 148/72 |l 0 |o snkČB 616/110/1971/1 |p 17A0557625 |r 2026-02-21 21:00:39 |t č. 1-26 |w 2026-02-21 |y PREZ | ||
| 952 | |0 0 |1 0 |4 0 |7 0 |8 4 |a SNK |b SNK |d 2007-08-23 |i snk2007/19372 |l 0 |o snkČSB 4791/144/2005/1 |p 17A0548892 |r 2026-02-21 21:00:49 |t č. 1-7 |w 2026-02-21 |y PREZ |z + obsah v č. 1 | ||
| 952 | |0 0 |1 0 |4 0 |7 0 |8 4 |a SNK |b SNK |d 2007-08-23 |i snk2007/19374 |l 0 |o snkČSB 4791/144/2005/2 |p 17A0548893 |r 2026-02-21 21:00:49 |t č. 8-12 |w 2026-02-21 |y PREZ |z + supl. 1-3 | ||
| 952 | |0 0 |1 0 |4 0 |7 0 |8 4 |a SNK |b SNK |d 2007-08-23 |i snk2007/19369 |l 0 |o snkČSB 4791/143/2004 |p 17A0548891 |r 2026-02-21 21:01:00 |t č. 1-12 |w 2026-02-21 |y PREZ |z + obsah v č. 1 | ||
| 952 | |0 0 |1 1 |4 0 |7 0 |a SNK |b SNK |d 1998-07-06 |l 0 |o snkČB 616/123/1984/1 |p 17A0146868 |r 2005-01-02 00:00:00 |t č. 1-26 |w 2026-02-21 |y PREZ | ||
| 952 | |0 0 |1 1 |3 rekatalogizácia |4 0 |7 0 |a SNK |b SNK |d 2005-06-29 |i snkČIP 484/57 |l 0 |o snkČB 616/95/1956/1 |p 17A0473714 |r 2026-02-21 21:11:07 |t č. 1-26 |w 2026-02-21 |y PREZ | ||
| 952 | |0 0 |1 1 |4 0 |7 0 |a SNK |b SNK |d 1998-10-28 |l 0 |o snkČB 616/125/1986/2 |p 17A0166933 |r 2005-01-02 00:00:00 |t č. 27-52 |w 2026-02-21 |y PREZ | ||
| 952 | |0 0 |1 0 |3 Rekatalogizácia |4 0 |7 0 |8 4 |a SNK |b SNK |d 2005-02-28 |i snkČZK 1422/2004 |l 0 |o snkČSB 4791/142/2003 |p 17A0459444 |r 2026-02-21 21:20:39 |w 2026-02-21 |y PREZ | ||
| 952 | |0 0 |1 1 |4 0 |7 0 |a SNK |b SNK |d 2009-01-21 |i snkČIP 385/1983 |l 0 |o snkČB 616/121/1982/1 |p 17A0540072 |r 2026-02-21 21:23:18 |t č. 1-26 |w 2026-02-21 |y PREZ | ||
| 952 | |0 0 |1 1 |4 0 |7 0 |a SNK |b SNK |d 2009-01-21 |i snkČIP 386/1983 |l 0 |o snkČB 616/121/1982/2 |p 17A0540068 |r 2026-02-21 21:30:07 |t č. 27-52 |w 2026-02-21 |y PREZ | ||
| 952 | |0 0 |1 1 |4 0 |7 0 |a SNK |b SNK |d 1996-11-29 |l 0 |o snkČB 616/123/1984/2 |p 17A0022858 |r 2005-01-01 00:00:00 |t č. 27-52 |w 2026-02-21 |y PREZ | ||
| 952 | |0 0 |1 1 |4 0 |7 0 |a SNK |b SNK |d 1996-12-19 |l 0 |o snkČB 616/129/1990/3 |p 17A0029399 |r 2005-01-01 00:00:00 |t č. 31-52 |w 2026-02-21 |y PREZ | ||
| 952 | |0 0 |1 1 |4 0 |7 0 |a SNK |b SNK |d 1997-02-06 |l 0 |o snkČB 616/131/1992/1 |p 17A0036441 |r 2005-01-02 00:00:00 |t č. 1-13 |w 2026-02-21 |y PREZ | ||
| 952 | |0 0 |1 1 |4 0 |7 0 |a SNK |b SNK |d 1997-02-06 |l 0 |o snkČB 616/130/1991 |p 17A0036440 |r 2005-01-02 00:00:00 |t č. 1-26 |w 2026-02-21 |y PREZ | ||
| 952 | |0 0 |1 1 |4 0 |7 0 |a SNK |b SNK |d 1997-02-06 |l 0 |o snkČB 616/131/1992/2 |p 17A0035523 |r 2005-01-02 00:00:00 |t č. 14-26 |w 2026-02-21 |y PREZ | ||
| 952 | |0 0 |1 1 |4 0 |7 0 |a SNK |b SNK |d 1997-02-06 |l 0 |o snkČB 616/129/1990/1 |p 17A0036431 |r 2005-01-02 00:00:00 |t č. 1-15 |w 2026-02-21 |y PREZ | ||
| 952 | |0 0 |1 1 |4 0 |7 0 |a SNK |b SNK |d 1999-07-26 |l 0 |o snkČB 616/132/1993/2 |p 17A0204417 |r 2005-01-02 00:00:00 |t č. 13-24 |w 2026-02-21 |y PREZ | ||
| 952 | |0 0 |1 1 |4 0 |7 0 |a SNK |b SNK |d 1999-07-26 |l 0 |o snkČB 616/132/1993/1 |p 17A0204781 |r 2005-01-02 00:00:00 |t č. 1-12 |w 2026-02-21 |y PREZ | ||
| 952 | |0 0 |1 0 |4 0 |7 0 |8 4 |a SNK |b SNK |d 2010-03-02 |i snk2010/4138 |l 0 |o snkČSB 4791/147/2008 |p 17A0635466 |r 2026-02-21 21:41:56 |t č. 1-12, reg. v č. 1 |w 2026-02-21 |y PREZ | ||
| 952 | |0 0 |1 1 |4 0 |7 0 |a SNK |b SNK |d 1997-02-11 |l 0 |o snkČB 616/125/1986/1 |p 17A0036114 |r 2005-01-02 00:00:00 |t č. 1-26 |w 2026-02-21 |y PREZ | ||
| 952 | |0 0 |1 0 |4 0 |7 0 |8 1 |a SNK |b SNK |d 2014-09-26 |i snk2014/19731 |l 0 |o snkČSB 4791/140/2001 |p 17A0867495 |r 2026-02-21 21:44:27 |t č. 1-24 |w 2026-02-21 |y PREZ | ||
| 952 | |0 0 |1 0 |4 0 |7 0 |8 4 |a SNK |b SNK |d 2018-10-03 |i snk2018/19996 |l 0 |o snkČSB 4791/154/2015 |p 17A1328604 |r 2026-02-21 21:50:23 |t č. 1-6 |w 2026-02-21 |y PREZ | ||
| 952 | |0 0 |1 0 |4 0 |7 0 |8 4 |a SNK |b SNK |d 2018-10-03 |i snk2018/20006 |l 0 |o snkČSB 4791/155/2016 |p 17A1328603 |r 2026-02-21 21:50:23 |t č. 1-8 |w 2026-02-21 |y PREZ | ||
| 952 | |0 0 |1 0 |4 0 |7 0 |8 4 |a SNK |b SNK |d 2016-08-08 |i snk2016/18722 |l 0 |o snkČSB 4791/151/2012 |p 17A1201992 |r 2026-02-21 21:54:53 |t č. 1-12 |w 2026-02-21 |y PREZ | ||
| 952 | |0 0 |1 0 |4 0 |7 0 |8 4 |a SNK |b SNK |d 2016-08-08 |i snk2016/18730 |l 0 |o snkČSB 4791/152/2013 |p 17A1201993 |r 2026-02-21 21:54:59 |t č. 1-6 |w 2026-02-21 |y PREZ | ||
| 952 | |0 0 |1 0 |4 0 |7 0 |8 4 |a SNK |b SNK |d 2016-08-08 |i snk2016/18734 |l 0 |o snkČSB 4791/153/2014 |p 17A1201994 |r 2026-02-21 21:54:59 |t č. 1-6 |w 2026-02-21 |y PREZ | ||
| 952 | |0 0 |1 0 |4 0 |7 0 |8 4 |a SNK |b SNK |d 2020-06-16 |i snk2020/10513 |l 0 |o snkČSB 4791/157/2018 |p 17A1388451 |r 2026-02-21 22:00:39 |t č. 1-8 |w 2026-02-21 |y PREZ | ||
| 952 | |0 0 |1 0 |4 0 |7 0 |8 5 |a SNK |b SNK |c SNK_HF |d 2015-05-18 |f 1 |i snk2015/15946 |l 0 |o snkČB 616/19/1880 |p 17A1127463 |r 2026-02-21 22:35:24 |t CHA 36 |w 2026-02-21 |y PREZ | ||


